| Tag |
First Indicator |
Second Indicator |
Subfields |
| LEADER |
00000cam a2200000 4500 |
| 001 |
in00000038120 |
| 005 |
20151007080834.0 |
| 008 |
730702s1954 eng u |
| 010 |
|
|
|a 54012575
|
| 035 |
|
|
|a (OCoLC)00648883
|
| 035 |
|
|
|9 AAF5466AM
|
| 040 |
|
|
|c HUC
|d TXA
|d UtOrBLW
|
| 049 |
|
|
|a TXAM
|c [407189]
|
| 050 |
0 |
0 |
|a BD632
|b .A43
|
| 092 |
|
|
|a 237.1
|b A3783s
|
| 100 |
1 |
|
|a Stiernotte, Alfred P.
|
| 245 |
1 |
0 |
|a God and space-time ;
|b deity in the philosophy of Samuel Alexander /
|c With a foreword by Henry Nelson Wieman.
|
| 264 |
|
1 |
|a New York :
|b Philosophical Library,
|c [1954]
|
| 300 |
|
|
|a xxvii,455 pages :
|b diagrams ;
|c 23 cm.
|
| 336 |
|
|
|a text
|b txt
|2 rdacontent
|
| 337 |
|
|
|a unmediated
|b n
|2 rdamedia
|
| 338 |
|
|
|a volume
|b nc
|2 rdacarrier
|
| 504 |
|
|
|a Bibliographical references included in "Notes" (pages 404-438).
|
| 600 |
1 |
0 |
|a Alexander, Samuel,
|d 1859-1938.
|t Space, time and deity.
|
| 650 |
|
0 |
|a Space and time.
|
| 650 |
|
0 |
|a God.
|
| 999 |
|
|
|a MARS
|
| 999 |
f |
f |
|s 24518e7f-d6c0-3327-8d66-12878a5f9389
|i 765c4ab2-2c43-3dd7-963c-ce4c73f63788
|t 0
|
| 952 |
f |
f |
|p ric
|a Texas A&M University
|b Rellis Campus
|c Joint Library Facility
|d Remote Storage
|t 0
|e BD632 .A43
|h Library of Congress classification
|i unmediated -- volume
|m A14800609021
|
| 998 |
f |
f |
|a BD632 .A43
|t 0
|l Remote Storage
|